|
|
|
|
| LEADER |
00584cam a2200157ua 4500 |
| 020 |
|
|
|a 81-203-2966-X
|
| 082 |
|
|
|a 658.4034
|b TIW-O
|
| 100 |
|
|
|a Tiwari, N K .
|
| 245 |
1 |
0 |
|a Operations research /
|
| 260 |
|
|
|a New Delhi :
|b Prentice Hall ,
|c 2006.
|
| 300 |
|
|
|a 450p ;
|
| 650 |
|
|
|a Operations research
|
| 942 |
|
|
|c BK
|
| 999 |
|
|
|c 31881
|d 31881
|
| 952 |
|
|
|0 0
|1 0
|4 0
|6 658_403400000000000_TIWO
|7 0
|9 40878
|a KU
|b KU
|d 2015-07-05
|l 10
|o 658.4034 TIW-O
|p MB03258
|r 2020-12-24
|s 2019-04-01
|y BK
|
| 952 |
|
|
|0 0
|1 4
|4 0
|6 658_403400000000000_TIWO
|7 1
|9 40879
|a KU
|b KU
|d 2015-07-05
|l 0
|o 658.4034 TIW-O
|p MB04301
|r 2015-07-05
|y BK
|